• 首页
  • 本馆介绍
  • 公告通知
  • 最新文献
  • 馆藏检索
  • 电子资源
  • 读者导购
  • 参考咨询
  • 我的图书馆
  • 登录
  • 详细信息显示
  • 放入我的书架
  • 预约/预借图书
  • 作者相关作品
  • 分类相关作品
  • 丛书相关作品
  • 出版社相关作品

书目信息

  • 表格格式
  • 工作单格式
  • 卡片格式
题名:
外文美术字
    
 
作者: 文郁
分册:  
出版信息:   陕西人民美术出版社  1987.01
页数: 270页
开本: 32开
丛书名:
单 册:
中图分类: J293
科图分类:
主题词: 书法 , 篆刻
电子资源:
ISBN: 7-5368-0363-X
000 00505nam0 2200193 45
001 9911301546
005 19991130154035.2
010    @a7-5368-0363-X@d1.60
100    @a19991130d1987 km y0chiy0120 ea
101    @achi
105    @a z 000yy
200 1  @a外文美术字@AWai Wen Mei Shu Zi@f文郁@FWen Yu
210    @c陕西人民美术出版社@d1987.01
215    @a270页@c无图表@d32开
606 0  @a书法
606 0  @a篆刻
690    @aJ293@v3
801    @aCN@bPerfectUser@c19991130
905    @aBZT@b23537@f1@dJ293@e1
    
    外文美术字/文郁.-陕西人民美术出版社,1987.01
    270页:无图表;32开
    
    
    ISBN 7-5368-0363-X:1.60
    
●
相关链接 在五车中查询图书 在当当中查询图书 在豆瓣中查询图书


正题名:外文美术字     索取号:J293/1         预约/预借

序号 登录号 条形码 馆藏地/架位号 状态 备注
1 23537   200420491   中心书库中库/ 中库020架A面1列5层48/ [索取号:J293/1] 在馆    
山东省滨州职业学院图书馆 欢迎您!
大连网信软件有限公司© 版权所有